000 004600000a22001810004500
003 LK-CoMWRAF
005 20230926231921.0
008 230817t ||||| |||| 00| 0 eng d
040 _aLK-CoMWRAF
_dLK-CoMWRAF
_eLK-CoMWRAF
041 _aeng
082 _a297.261
_bSHE
100 _aSheikh, M.Saeed
245 _aStudies in Muslim Philosophy
260 _aPakistan :
_bMuhammad Ashraf,
_c1974
300 _a250p
650 _aIslam--Philosophy
942 _cBK
999 _c1110
_d1110